[Event "La Pobla de Lillet op 17th"]
[Site "La Pobla de Lillet"]
[Date "2007.08.05"]
[Round "4"]
[White "Ayza Ballester, Jordi"]
[Black "Reynes Gonzalez, Miguel"]
[Result "1/2-1/2"]
[WhiteElo "2254"]
[BlackElo "1949"]
[PlyCount "21"]
[EventDate "2007.08.02"]
[EventType "swiss"]
[EventRounds "9"]
[EventCountry "ESP"]
[SourceTitle "EXT 2008"]
[Source "ChessBase"]
[SourceDate "2007.11.25"]
[SourceVersion "1"]
[SourceVersionDate "2007.11.25"]
[SourceQuality "1"]

1. e4 e5 2. Nf3 Nc6 3. Bb5 a6 4. Ba4 Nf6 5. 0-0 Nxe4 6. Re1 Nc5 7. Bxc6 dxc6 8. d4 Ne6 9. Nxe5 Qxd4 10. Qxd4 Nxd4 11. Nxc6+ 1/2-1/2